| 000 | 00516nam a2200157Ia 4500 | ||
|---|---|---|---|
| 008 | 230718s9999 xx 000 0 und d | ||
| 041 | _aeng | ||
| 082 |
_a330.954 _bHAS |
||
| 100 |
_aHasegawa Y. _9175202 |
||
| 245 |
_aRediscovering Japanese Business Leadership: _b15 Japanese Managers And The Companies They're Leading To New growth |
||
| 260 |
_c2010 _bTimes Group books |
||
| 300 | _a217 | ||
| 365 |
_cRs. _b549.00 |
||
| 700 |
_aHasegawa Y. _9175202 |
||
| 906 |
_dO:0139616-Dec-2010B:641129-Dec-2010 _cGENRL _b137.25 |
||
| 999 |
_c326642 _d326642 |
||